Conditioning and learning /

Bibliographic Details
Main Author: Hilgard, Ernest R. (Ernest Ropiequet), 1904-2001
Other Authors: Marquis, Donald George
Format: Book
Language:English
Published: New York, London : D. Appleton-Century company, [1940]
Series:Century psychology series.
Subjects:

MARC

Tag First Indicator Second Indicator Subfields
LEADER 00000cam a2200000 4500
001 in00000038511
005 20200125063135.0
008 720420s1940 eng u
010 |a  40006092  
035 |a (OCoLC)00289929 
035 |9 AAF5870AM 
040 |c WBU  |d OCL  |d TXA  |d UtOrBLW 
049 |a TXAM  |c [101880] 
090 |a BF319  |b .H5 
092 |a 158.423  |b H644c 
100 1 |a Hilgard, Ernest R.  |q (Ernest Ropiequet),  |d 1904-2001. 
245 1 0 |a Conditioning and learning /  |c by Ernest R. Hilgard...and Donald G. Marquis... 
264 1 |a New York,  |a London :  |b D. Appleton-Century company,  |c [1940] 
264 4 |c [©1940] 
300 |a xi pages, 1 leaf, 429 pages :  |b illustrations (plans) plate, diagrams ;  |c 21 cm. 
336 |a text  |b txt  |2 rdacontent 
337 |a unmediated  |b n  |2 rdamedia 
338 |a volume  |b nc  |2 rdacarrier 
490 1 |a The Century psychology series 
500 |a "Glossary": pages 341-353. "References and author index": pages 355-417. 
650 0 |a Conditioned response. 
650 0 |a Reflexes. 
650 0 |a Learning, Psychology of. 
700 1 |a Marquis, Donald George. 
830 0 |a Century psychology series. 
999 |a MARS 
999 f f |s 1bc923c1-1617-39a4-a91b-a9b12ffe76f8  |i 720037b1-ea73-3555-8d8f-c340e13836b3  |t 0 
952 f f |p ric  |a Texas A&M University  |b Rellis Campus  |c Joint Library Facility  |d Remote Storage  |t 0  |e BF319 .H5  |h Library of Congress classification  |i unmediated -- volume  |m A14800528827 
998 f f |a BF319 .H5  |t 0  |l Remote Storage